000 00648nam 22002173 4500
001 198287
010 _a978-989-8839-51-0
021 _b407636/16
090 _a198287
100 _a20251007d u||y0pory50 ba
200 _aA Teia da Carlota
_fE. B. White
_gtradução de Carla Maia de Almeida
205 _a
210 _aAmadora
_cFábula
_d2019
215 _a184, [12] p.
_cbrochado
_d21 cm
225 _aColeção Estrelas da Literatura Juvenil
_v11
606 _957
_aLiteratura Juvenil Americana
675 _a821.111(73)-93
_vPT
_zpor
700 _914246
_aWhite
_bE. B.
_f1899-1985
801 _aPT
_bBMMN
_gRPC
830 _cAna Caetano
990 _cLIVROS